000 00612nam a22002417a 4500
003 UA-OsUOA
001 64188
007 ta
008 20091102b un ||||| |||| 00| 0 ukr d
100 _aАлилуева С.
090 _a82-6
_bА50
942 _cBK
040 _aUA-OsUOA
_brus
_cUA-OsUOA
_dUA-OsUOA
245 _aДвадцать писем к другу
300 _a215 с.
955 _a3
041 _arus
080 _a82-6
020 _a5-89975-042-1
260 _aМ.
_bКнига
_c1991
650 7 _a82 Література. Літературознавство
_2UDC
999 _c350213
_d350213